00688 2200181 4500245005600000020002200056250001200078100001900090700001500109650002200124005001900146260004100165041001400206084001100220300002800231500023800259336000900497 aMenjadi Pribadi Tahan BantingcHaidar MusyafahText a978-623-92995-5-2 aCet. 13 aHaidar Musyafa aEsti Utami aPengembangan Diri a20241014143409 aSemarangbSyalmahat Publishingc2024 aIndonesia a155.25 aviii, 233 hlm. :c20 cm aBuku ini adalah obat bagi siapa saja yang mudah menyerah dan putus asa. Agar kembali menemukan gairah dan semangat hidup. Menjadikan yang tadinya lemah dan payah serta takut pada masalah dan ujian jadi pribadi kuat dan tahan banting. atext